The use of viscoelastic displacement fluids for improving of the well cementing quality; Проблемы геологии и освоения недр; Т. 2

Xehetasun bibliografikoak
Parent link:Проблемы геологии и освоения недр: труды XVI Международного симпозиума имени академика М. А. Усова студентов и молодых ученых, Томск, 2-7 апреля 2012 г./ Национальный исследовательский Томский политехнический университет (ТПУ), Институт природных ресурсов (ИПР) ; Общество инженеров-нефтяников, Студенческий чаптер ; под ред. О. Г. Савичева.— , 2012
Т. 2.— 2012.— [С.824-825]
Egile nagusia: Molodtsov A. A.
Beste egile batzuk: Pavlov P. P. (научный руководитель), Fillipov V. N., Nadeina L. V. Louise Vasilievna
Gaia:Заглавие с титульного листа
Hizkuntza:ingelesa
Argitaratua: 2012
Saila:Geology, mining and petroleum engineering (English, German)
Gaiak:
Sarrera elektronikoa:http://www.lib.tpu.ru/fulltext/c/2012/C11/V2/397.pdf
Formatua: Baliabide elektronikoa Liburu kapitulua
KOHA link:https://koha.lib.tpu.ru/cgi-bin/koha/opac-detail.pl?biblionumber=239996

MARC

LEADER 00000naa2a2200000 4500
001 239996
005 20251208140441.0
035 |a (RuTPU)RU\TPU\book\261241 
035 |a RU\TPU\book\261222 
090 |a 239996 
100 |a 20130618d2012 k y0rusy50 ba 
101 0 |a eng 
102 |a RU 
135 |a drcn ---uucaa 
200 1 |a The use of viscoelastic displacement fluids for improving of the well cementing quality  |f A. A. Molodtsov, P. P. Pavlov  |g Sci. Ad. V. N. Fillipov ; L. V. Nadeina 
203 |a Text  |c electronic 
215 |a 1 файл :280 Кб) 
225 1 |a Geology, mining and petroleum engineering (English, German) 
300 |a Заглавие с титульного листа 
320 |a [Referen.: p. 825 (4title)] 
337 |a Adobe Reader 
461 1 |0 (RuTPU)RU\TPU\book\252494  |t Проблемы геологии и освоения недр  |o труды XVI Международного симпозиума имени академика М. А. Усова студентов и молодых ученых, Томск, 2-7 апреля 2012 г.  |o в 2 т.  |f Национальный исследовательский Томский политехнический университет (ТПУ), Институт природных ресурсов (ИПР) ; Общество инженеров-нефтяников, Студенческий чаптер ; под ред. О. Г. Савичева  |d 2012 
463 1 |0 (RuTPU)RU\TPU\book\252518  |t Т. 2  |v [С.824-825]  |d 2012 
610 1 |a труды учёных ТПУ 
610 1 |a электронный ресурс 
610 1 |a вязкоупругие жидкости 
610 1 |a скважины 
610 1 |a цементирование 
610 1 |a бурение 
700 1 |a Molodtsov  |b A. A. 
701 1 |a Pavlov  |b P. P. 
702 1 |a Fillipov  |b V. N.  |4 727 
702 1 |a Nadeina  |b L. V.  |c linguist  |c Associate Professor of Tomsk Polytechnic University, Candidate of philological sciences  |f 1965-  |g Louise Vasilievna  |4 727 
801 1 |a RU  |b 63413507  |c 20130205 
801 2 |a RU  |b 63413507  |c 20160206  |g RCR 
856 4 |u http://www.lib.tpu.ru/fulltext/c/2012/C11/V2/397.pdf 
942 |c CF